000 00485cam a2200169Ja 4500
020 _a0803990030
020 _a9780803990036
040 _cDLC
082 0 0 _a306 PIN 1994 A064 Or.
100 1 _aHall, Richard H.,
245 1 0 _aSociology of work :
_bperspectives, analyses, and issues /
300 _axxi, 465 pages :
_billustrations ;
_c24 cm
490 1 _aThe Pine Forge Press social science library
650 0 _aIndustrial sociology
700 1 _aButtram, Robert T
942 _cEK
999 _c13920
_d13920